[Event "Ottawa Winter op"]
[Site "Ottawa CAN"]
[Date "2026.01.17"]
[Round "3.2"]
[White "Moses, Neil"]
[Black "Plotkin, Mark"]
[Result "1/2-1/2"]
[WhiteElo "2316"]
[BlackElo "2491"]
[WhiteFideId "-1"]
[BlackFideId "-1"]
[PlyCount "313"]
[GameId "2268007695388964"]
[EventDate "2026.01.16"]
[EventType "swiss"]
[EventRounds "5"]
[EventCountry "CAN"]
[WhiteClock "0:10:27"]
[BlackClock "0:19:04"]

1. e4 {[%emt 0:01:27]} g6 {[%emt 0:04:00]} 2. d4 {[%emt 0:00:46]} Bg7 {[%emt 0:00:03]} 3. Nf3 {[%emt 0:00:12]} d6 {[%emt 0:00:07]} 4. Nc3 {[%emt 0:00:10]} a6 {[%emt 0:00:06]} 5. Bf4 {[%emt 0:00:07]} b5 {[%emt 0:00:26]} 6. e5 {[%emt 0:00:41]} Bb7 {[%emt 0:00:44]} 7. Bd3 {[%emt 0:02:35]} Nc6 {[%emt 0:04:32]} 8. Be4 {[%emt 1:58:20]} e6 9. a4 b4 10. Ne2 Nge7 11. O-O O-O 12. c3 dxe5 13. Nxe5 Nd5 14. Bf3 Qc8 15. Bxd5 exd5 16. Nxc6 Bxc6 17. Nc1 bxc3 18. bxc3 Re8 19. Nd3 a5 20. Qd2 Bf8 21. Be5 Bd7 22. Nf4 Bh6 23. g3 Ra6 24. Qa2 c6 25. Nd3 Bf5 26. Nc5 {[%emt 0:00:34]} Ra7 {[%emt 0:01:59]} 27. Rfd1 {[%emt 0:12:08]} Rae7 {[%emt 0:00:28]} 28. c4 {[%emt 0:00:32]} f6 {[%emt 0:01:20]} 29. Bxf6 {[%emt 0:01:23]} Re2 {[%emt 0:00:12]} 30. Qa3 {[%emt 0:01:40]} Be3 {[%emt 0:04:42]} 31. fxe3 {[%emt 0:01:36]} R8xe3 {[%emt 0:00:17]} 32. Qc1 {[%emt 0:00:19]} Bc2 {[%emt 0:03:02]} 33. Qxe3 {[%emt 0:02:07]} Rxe3 {[%emt 0:00:11]} 34. Rd2 {[%emt 0:00:10]} Bf5 {[%emt 0:01:45]} 35. cxd5 {[%emt 0:00:15]} cxd5 {[%emt 0:00:26]} 36. Bg5 {[%emt 0:00:27]} Re8 {[%emt 0:00:28]} 37. Bf4 {[%emt 0:00:54]} Qc6 {[%emt 0:01:44]} 38. Rc1 {[%emt 0:00:37]} Qb6 {[%emt 0:01:38]} 39. Kf2 {[%emt 0:02:56]} Qb4 {[%emt 0:00:50]} 40. Re1 {[%emt 0:01:31]} Rxe1 {[%emt 0:05:55]} 41. Kxe1 {[%emt 0:00:13]} Qb1+ {[%emt 0:01:38]} 42. Rd1 {[%emt 0:01:03]} Qc2 {[%emt 0:00:38]} 43. Rd2 {[%emt 0:00:32]} Qc1+ {[%emt 0:00:31]} 44. Rd1 {[%emt 0:00:12]} Qc3+ {[%emt 0:00:19]} 45. Rd2 {[%emt 0:00:10]} Bg4 {[%emt 0:00:21]} 46. h4 {[%emt 0:00:51]} h6 {[%emt 0:00:54]} 47. Kf2 {[%emt 0:00:44]} Qf3+ {[%emt 0:00:46]} 48. Kg1 {[%emt 0:00:26]} Bh3 {[%emt 0:01:19]} 49. Kh2 {[%emt 0:00:27]} Qf1 {[%emt 0:00:51]} 50. Rb2 {[%emt 0:02:31]} g5 {[%emt 0:00:15]} 51. hxg5 {[%emt 0:02:33]} hxg5 {[%emt 0:00:02]} 52. Bxg5 {[%emt 0:00:32]} Bg4 {[%emt 0:00:10]} 53. Bf4 {[%emt 0:00:46]} Bf3 {[%emt 0:01:31]} 54. g4 {[%emt 0:00:19]} Bxg4 {[%emt 0:00:46]} 55. Be5 {[%emt 0:00:16]} Qh3+ {[%emt 0:01:01]} 56. Kg1 {[%emt 0:00:08]} Qe3+ {[%emt 0:00:04]} 57. Kh2 {[%emt 0:01:08]} Bf3 {[%emt 0:01:58]} 58. Rb8+ {[%emt 0:00:57]} Kf7 {[%emt 0:00:15]} 59. Rb7+ {[%emt 0:00:17]} Kg6 {[%emt 0:00:16]} 60. Rg7+ {[%emt 0:00:16]} Kh6 {[%emt 0:02:47]} 61. Nd7 {[%emt 0:04:25]} Qf2+ 62. Kh3 {[%emt 0:00:05]} Be4 {[%emt 0:00:27]} 63. Rg4 {[%emt 0:02:31]} Bg2+ {[%emt 0:03:22]} 64. Rxg2 {[%emt 0:00:14]} Qf5+ {[%emt 0:00:02]} 65. Kh2 {[%emt 0:01:39]} Qxd7 {[%emt 0:00:06]} 66. Ra2 {[%emt 0:01:33]} Qc6 {[%emt 0:00:18]} 67. Kg3 {[%emt 0:01:02]} Kg5 {[%emt 0:00:14]} 68. Kf3 {[%emt 0:00:44]} Qc3+ {[%emt 0:00:07]} 69. Kf2 {[%emt 0:00:25]} Qb3 {[%emt 0:00:05]} 70. Rd2 {[%emt 0:00:12]} Qxa4 {[%emt 0:00:10]} 71. Rd3 {[%emt 0:00:38]} Qc2+ {[%emt 0:00:10]} 72. Ke3 {[%emt 0:00:10]} a4 {[%emt 0:00:13]} 73. Bd6 {[%emt 0:00:16]} Kg4 {[%emt 0:00:29]} 74. Bc5 {[%emt 0:00:34]} Qc1+ {[%emt 0:00:29]} 75. Ke2 {[%emt 0:00:26]} Kf4 {[%emt 0:00:29]} 76. Rf3+ {[%emt 0:00:23]} Ke4 {[%emt 0:00:18]} 77. Ra3 {[%emt 0:00:04]} Qb2+ {[%emt 0:00:40]} 78. Ke1 {[%emt 0:00:05]} Qc2 {[%emt 0:00:21]} 79. Rg3 {[%emt 0:00:28]} Kf5 {[%emt 0:01:02]} 80. Re3 {[%emt 0:00:13]} Kf6 {[%emt 0:01:11]} 81. Be7+ {[%emt 0:00:36]} Kf7 {[%emt 0:00:11]} 82. Bc5 {[%emt 0:00:08]} Qb2 {[%emt 0:00:18]} 83. Re7+ {[%emt 0:00:14]} Kg6 {[%emt 0:00:12]} 84. Re3 {[%emt 0:00:10]} Qc2 {[%emt 0:00:42]} 85. Rg3+ {[%emt 0:00:32]} Kf5 {[%emt 0:00:14]} 86. Re3 {[%emt 0:00:05]} Kf4 {[%emt 0:00:18]} 87. Ra3 {[%emt 0:00:08]} Ke4 {[%emt 0:00:05]} 88. Rg3 {[%emt 0:00:12]} Qc1+ {[%emt 0:00:18]} 89. Ke2 {[%emt 0:00:09]} Qf4 {[%emt 0:00:32]} 90. Ra3 {[%emt 0:00:13]} Qh2+ {[%emt 0:00:07]} 91. Ke1 {[%emt 0:00:06]} Qb8 {[%emt 0:00:36]} 92. Kd2 {[%emt 0:00:52]} Qb5 {[%emt 0:00:22]} 93. Re3+ {[%emt 0:00:10]} Kf5 {[%emt 0:00:02]} 94. Kc2 {[%emt 0:01:33]} Kf6 {[%emt 0:00:08]} 95. Be7+ {[%emt 0:00:07]} Kf7 {[%emt 0:00:13]} 96. Bc5 {[%emt 0:00:05]} Qf1 {[%emt 0:00:21]} 97. Kd2 {[%emt 0:01:44]} Qf2+ {[%emt 0:00:07]} 98. Re2 {[%emt 0:00:09]} Qf4+ {[%emt 0:00:04]} 99. Re3 {[%emt 0:00:08]} a3 {[%emt 0:00:16]} 100. Bxa3 {[%emt 0:00:07]} Qxd4+ {[%emt 0:00:05]} 101. Ke2 {[%emt 0:01:17]} Qc4+ {[%emt 0:00:21]} 102. Rd3 {[%emt 0:00:55]} d4 {[%emt 0:00:33]} 103. Bb2 {[%emt 0:00:37]} Qc2+ {[%emt 0:00:06]} 104. Rd2 {[%emt 0:00:06]} Qe4+ {[%emt 0:00:04]} 105. Kd1 {[%emt 0:01:10]} d3 {[%emt 0:00:08]} 106. Rf2+ {[%emt 0:00:53]} Ke6 {[%emt 0:00:06]} 107. Kd2 {[%emt 0:00:10]} Kd5 {[%emt 0:00:09]} 108. Bc1 {[%emt 0:02:12]} Qd4 {[%emt 0:03:03]} 109. Ke1 {[%emt 0:00:09]} Qb4+ {[%emt 0:00:35]} 110. Kd1 {[%emt 0:00:45]} Qg4+ {[%emt 0:00:08]} 111. Ke1 {[%emt 0:00:25]} Qg1+ {[%emt 0:02:07]} 112. Rf1 {[%emt 0:00:03]} Qg3+ {[%emt 0:00:14]} 113. Rf2 {[%emt 0:00:17]} Kc4 {[%emt 0:00:21]} 114. Kf1 {[%emt 0:00:41]} Qh3+ {[%emt 0:00:17]} 115. Kg1 {[%emt 0:00:16]} Qe6 {[%emt 0:01:16]} 116. Bd2 {[%emt 0:00:12]} Kb3 {[%emt 0:00:12]} 117. Bf4 {[%emt 0:00:30]} Qg4+ {[%emt 0:01:47]} 118. Kh2 {[%emt 0:00:11]} Kc4 {[%emt 0:00:15]} 119. Kh1 {[%emt 0:00:17]} Kd4 {[%emt 0:00:21]} 120. Kh2 {[%emt 0:00:16]} Kd5 {[%emt 0:00:18]} 121. Bd2 {[%emt 0:00:28]} Ke4 {[%emt 0:00:14]} 122. Bc1 {[%emt 0:00:52]} Qh5+ {[%emt 0:00:14]} 123. Kg2 {[%emt 0:00:14]} Qg6+ {[%emt 0:00:13]} 124. Kf1 {[%emt 0:01:45]} Qc6 125. Bd2 {[%emt 0:00:05]} Qc2 {[%emt 0:00:09]} 126. Rf4+ {[%emt 0:00:11]} Ke5 {[%emt 0:00:07]} 127. Rf2 {[%emt 0:00:09]} Qd1+ {[%emt 0:00:04]} 128. Kg2 {[%emt 0:00:06]} Qg4+ {[%emt 0:00:06]} 129. Kh2 {[%emt 0:00:12]} Ke4 {[%emt 0:00:11]} 130. Bc1 {[%emt 0:00:34]} Kd5 {[%emt 0:05:56]} 131. Bd2 {[%emt 0:00:13]} Qg6 {[%emt 0:00:35]} 132. Kh1 {[%emt 0:00:16]} Qg3 {[%emt 0:00:09]} 133. Rg2 {[%emt 0:00:18]} Qf3 {[%emt 0:00:30]} 134. Kg1 {[%emt 0:00:03]} Qd1+ {[%emt 0:00:40]} 135. Kh2 {[%emt 0:00:07]} Qf1 {[%emt 0:00:06]} 136. Rg1 {[%emt 0:00:56]} Qf3 {[%emt 0:00:31]} 137. Rg2 {[%emt 0:00:30]} Kc4 {[%emt 0:00:23]} 138. Kg1 {[%emt 0:00:14]} Qa8 {[%emt 0:00:30]} 139. Rf2 {[%emt 0:00:10]} Kb3 {[%emt 0:00:15]} 140. Bf4 {[%emt 0:00:20]} Qe4 {[%emt 0:00:39]} 141. Kh2 {[%emt 0:00:09]} Kc3 {[%emt 0:00:07]} 142. Kg1 {[%emt 0:00:15]} Qg6+ {[%emt 0:00:13]} 143. Kh2 {[%emt 0:00:09]} Qg4 {[%emt 0:00:03]} 144. Be5+ {[%emt 0:00:31]} Kb3 {[%emt 0:00:04]} 145. Bf4 {[%emt 0:00:09]} Qg8 {[%emt 0:00:10]} 146. Kh1 {[%emt 0:00:31]} Qf8 {[%emt 0:01:06]} 147. Kg2 {[%emt 0:00:08]} Qf5 {[%emt 0:00:05]} 148. Kg1 {[%emt 0:00:14]} Qh3 {[%emt 0:00:13]} 149. Bd2 {[%emt 0:00:25]} Kc2 {[%emt 0:00:03]} 150. Bf4+ {[%emt 0:00:11]} Kd1 {[%emt 0:00:09]} 151. Rf1+ {[%emt 0:00:51]} Ke2 {[%emt 0:00:05]} 152. Rf2+ {[%emt 0:00:08]} Ke1 {[%emt 0:00:04]} 153. Bd2+ {[%emt 0:00:10]} Kd1 {[%emt 0:00:04]} 154. Bf4 {[%emt 0:00:12]} Qg4+ {[%emt 0:00:06]} 155. Kf1 {[%emt 0:00:34]} Qe2+ {[%emt 0:00:27]} 156. Kg1 {[%emt 0:00:08]} Qe4 {[%emt 0:00:08]} 157. Rf1+ {[%emt 0:00:57]} 1/2-1/2

[Event "Ottawa Winter op"]
[Site "Ottawa CAN"]
[Date "2026.01.17"]
[Round "3.9"]
[White "Iordanescu, Victor Nicolae"]
[Black "Tan, Shuwen"]
[Result "1-0"]
[WhiteElo "2193"]
[BlackElo "1983"]
[WhiteFideId "-1"]
[BlackFideId "-1"]
[PlyCount "49"]
[GameId "2268007695388965"]
[EventDate "2026.01.16"]
[EventType "swiss"]
[EventRounds "5"]
[EventCountry "CAN"]

1. c4 d6 2. Nc3 e5 3. Nf3 f5 4. e3 Nf6 5. d4 e4 6. Ng1 c6 7. Nge2 d5 8. Nf4 g5 9. Nh5 Be6 10. Nxf6+ Qxf6 11. cxd5 Bxd5 12. Nxd5 cxd5 13. Qb3 Qf7 14. Bd2 Bd6 15. Bb5+ Ke7 16. Rc1 b6 17. Bb4 Qe6 18. O-O Bxb4 19. Qxb4+ Qd6 20. Rc7+ Ke6 21. Qc3 a6 22. Bd7+ Kf6 23. f3 Rd8 24. fxe4 dxe4 25. d5+ 1-0

[Event "Ottawa Winter op"]
[Site "Ottawa CAN"]
[Date "2026.01.17"]
[Round "3.8"]
[White "Zebaze, Dylane"]
[Black "Qian, Eric"]
[Result "1-0"]
[WhiteElo "2037"]
[BlackElo "2216"]
[WhiteFideId "-1"]
[BlackFideId "-1"]
[PlyCount "45"]
[GameId "2268007695388966"]
[EventDate "2026.01.16"]
[EventType "swiss"]
[EventRounds "5"]
[EventCountry "CAN"]

1. d4 d5 2. Bf4 Nf6 3. Nc3 c5 4. e4 dxe4 5. dxc5 Qxd1+ 6. Rxd1 a6 7. Na4 Nfd7 8. f3 exf3 9. Nxf3 Nc6 10. Bc4 g6 11. O-O Bg7 12. Ng5 O-O 13. Bg3 Nde5 14. Bd5 Bf5 15. Bxe5 Nxe5 16. Nb6 Rab8 17. c3 e6 18. Be4 Bg4 19. Nf3 f5 20. Bc2 Bxf3 21. gxf3 Rbd8 22. Bb3 Kf7 23. f4 1-0

[Event "Ottawa Winter op"]
[Site "Ottawa CAN"]
[Date "2026.01.17"]
[Round "3.4"]
[White "Qian, Ashley"]
[Black "Rodrigue-Lemieux, Shawn"]
[Result "0-1"]
[WhiteElo "2158"]
[BlackElo "2618"]
[WhiteFideId "-1"]
[BlackFideId "-1"]
[PlyCount "60"]
[GameId "2268007695388967"]
[EventDate "2026.01.16"]
[EventType "swiss"]
[EventRounds "5"]
[EventCountry "CAN"]

1. e4 c6 2. d4 d5 3. Nc3 dxe4 4. Nxe4 Nf6 5. Nxf6+ exf6 6. c3 Bd6 7. Bd3 O-O 8. Ne2 c5 9. Be3 Qc7 10. Qc2 h6 11. dxc5 Bxc5 12. Bxc5 Qxc5 13. O-O Nc6 14. Rad1 Be6 15. Qa4 Ne5 16. Bb1 Bc4 17. Qc2 g6 18. Rfe1 Rfe8 19. h3 Rad8 20. Nd4 Qa5 21. b3 Rxd4 22. Rxd4 Nf3+ 23. gxf3 Rxe1+ 24. Kg2 Bf1+ 25. Kg3 Qe5+ 26. f4 Qh5 27. h4 Be2 28. Qe4 Qg4+ 29. Kh2 Qg1+ 30. Kh3 Bg4# 0-1

[Event "Ottawa Winter op"]
[Site "Ottawa CAN"]
[Date "2026.01.17"]
[Round "3.10"]
[White "Zhu, Elber"]
[Black "Wu, Ting En Ryan"]
[Result "1/2-1/2"]
[WhiteElo "2151"]
[BlackElo "1969"]
[WhiteFideId "-1"]
[BlackFideId "-1"]
[PlyCount "57"]
[GameId "2268007695388968"]
[EventDate "2026.01.16"]
[EventType "swiss"]
[EventRounds "5"]
[EventCountry "CAN"]

1. d4 d5 2. c4 c6 3. Nf3 Nf6 4. Nbd2 Bf5 5. Nh4 Be6 6. e3 g5 7. Nhf3 g4 8. Ne5 Nbd7 9. Nxd7 Qxd7 10. Bd3 Bg7 11. Qc2 O-O 12. O-O Rad8 13. b3 Ne4 14. cxd5 cxd5 15. Nxe4 dxe4 16. Bxe4 f5 17. Bd3 Rc8 18. Qb1 h5 19. Bb2 h4 20. Rd1 g3 21. fxg3 hxg3 22. d5 gxh2+ 23. Kh1 Bxd5 24. e4 fxe4 25. Bxg7 exd3 26. Qxd3 Bxg2+ 27. Kxh2 Qxd3 28. Rxd3 Kxg7 29. Kxg2 1/2-1/2

[Event "Ottawa Winter op"]
[Site "Ottawa CAN"]
[Date "2026.01.17"]
[Round "3.6"]
[White "Vu, Huy Minh"]
[Black "Clyde, Jordan"]
[Result "1/2-1/2"]
[WhiteElo "2075"]
[BlackElo "2279"]
[WhiteFideId "-1"]
[BlackFideId "-1"]
[PlyCount "97"]
[GameId "2268007695388969"]
[EventDate "2026.01.16"]
[EventType "swiss"]
[EventRounds "5"]
[EventCountry "CAN"]

1. e4 d6 2. d4 g6 3. Nc3 c6 4. Be3 Bg7 5. Qd2 b5 6. a3 a6 7. Be2 Nd7 8. Nf3 Nb6 9. O-O Bg4 10. Ra2 Bxf3 11. Bxf3 Nc4 12. Qd3 e5 13. d5 c5 14. Nd1 Bh6 15. Bxh6 Nxh6 16. Ne3 Nb6 17. c4 bxc4 18. Nxc4 Nxc4 19. Qxc4 a5 20. b4 axb4 21. axb4 Rxa2 22. Qxa2 cxb4 23. Qd2 Ng8 24. Qxb4 Ne7 25. Qb5+ Kf8 26. Be2 Kg7 27. Qb2 Qb8 28. Rb1 Qxb2 29. Rxb2 Rd8 30. g4 g5 31. Rb6 Ng6 32. Bb5 Nf4 33. f3 h5 34. gxh5 Nxh5 35. Bf1 Nf4 36. Rc6 f5 37. Kf2 Kf6 38. Rb6 Kg6 39. Rb7 Kf6 40. Rb6 Kf7 41. Rb7+ Kg6 42. Ra7 Kf6 43. Ra6 Rd7 44. Rb6 Ke7 45. Ba6 Rc7 46. Rb7 Nd3+ 47. Ke3 Rxb7 48. Bxb7 Nc5 49. Bc8 1/2-1/2

[Event "Ottawa Winter op"]
[Site "Ottawa CAN"]
[Date "2026.01.17"]
[Round "3.5"]
[White "Jutras, Arnaud"]
[Black "Kot, Emanuel"]
[Result "0-1"]
[WhiteElo "2110"]
[BlackElo "2349"]
[WhiteFideId "-1"]
[BlackFideId "-1"]
[PlyCount "47"]
[GameId "2268007695388970"]
[EventDate "2026.01.16"]
[EventType "swiss"]
[EventRounds "5"]
[EventCountry "CAN"]

1. c4 e6 2. g3 Nf6 3. Bg2 d5 4. Nf3 Bd6 5. O-O O-O 6. d4 Nc6 7. Bf4 Bxf4 8. gxf4 Ne7 9. e3 b6 10. Qc2 Bb7 11. Nbd2 dxc4 12. Qxc4 Rc8 13. b4 Nf5 14. Rab1 Ne4 15. Rfd1 Qf6 16. Nf1 Bd5 17. Qc2 c5 18. bxc5 bxc5 19. Rdc1 Ned6 20. Qa4 cxd4 21. Rxc8 Nxc8 22. Rd1 Qg6 23. Kh1 dxe3 24. fxe3 {Cannot follow scoresheet.} 0-1

[Event "Ottawa Winter op"]
[Site "Ottawa CAN"]
[Date "2026.01.17"]
[Round "3.3"]
[White "Chiku-Ratte, Oliver-Kenta"]
[Black "Duong, Thanh Nha"]
[Result "1/2-1/2"]
[WhiteElo "2448"]
[BlackElo "2300"]
[WhiteFideId "-1"]
[BlackFideId "-1"]
[PlyCount "72"]
[GameId "2268007695388971"]
[EventDate "2026.01.16"]
[EventType "swiss"]
[EventRounds "5"]
[EventCountry "CAN"]

1. d4 d5 2. Nf3 e6 3. c4 Bb4+ 4. Bd2 Bxd2+ 5. Nbxd2 Nf6 6. g3 O-O 7. Bg2 b6 8. cxd5 exd5 9. O-O Bb7 10. Rc1 Nbd7 11. b4 c6 12. Ne5 Nxe5 13. dxe5 Ng4 14. Nf3 Qe7 15. Qd4 Nh6 16. Rc2 f6 17. Rfc1 Rae8 18. exf6 Rxf6 19. Qd2 Nf5 20. Nd4 Nxd4 21. Qxd4 Qe5 22. Qxe5 Rxe5 23. e3 Kf8 24. Rc3 Rd6 25. b5 cxb5 26. Rc7 Re7 27. Bh3 Rxc7 28. Rxc7 Bc6 29. Rxa7 d4 30. exd4 Rxd4 31. f4 Ra4 32. Rc7 Bd5 33. Bd7 Rxa2 34. Bxb5 Rg2+ 35. Kf1 Rxh2 36. Bd3 h5 1/2-1/2

[Event "Ottawa Winter op"]
[Site "Ottawa CAN"]
[Date "2026.01.17"]
[Round "3.7"]
[White "Wiebe, Isaac"]
[Black "Ramesan, Raunak Amit"]
[Result "1/2-1/2"]
[WhiteElo "2240"]
[BlackElo "2079"]
[WhiteFideId "-1"]
[BlackFideId "-1"]
[PlyCount "144"]
[GameId "2268007695388972"]
[EventDate "2026.01.16"]
[EventType "swiss"]
[EventRounds "5"]
[EventCountry "CAN"]

1. d4 Nf6 2. c4 e6 3. Nc3 Bb4 4. Qc2 O-O 5. a3 Bxc3+ 6. Qxc3 d5 7. Nf3 dxc4 8. Qxc4 b6 9. Bg5 Ba6 10. Qc2 Nbd7 11. Rd1 Qc8 12. Rc1 c5 13. Bxf6 Nxf6 14. dxc5 bxc5 15. e3 Bxf1 16. Rxf1 Qb7 17. Ke2 Qb5+ 18. Qd3 Qxb2+ 19. Rc2 Qb6 20. Rfc1 Rac8 21. Ne5 Rfd8 22. Qc4 Qd6 23. Nf3 h6 24. Rd2 Qb6 25. Rdc2 Nd5 26. Rd1 Qa5 27. Rd3 Nb6 28. Rxd8+ Rxd8 29. Qc3 Qa6+ 30. Ke1 Rd3 31. Qxc5 Rxa3 32. Nd4 Qd3 33. Rc1 Ra2 34. Rd1 Qe4 35. Kf1 Qh4 36. Ne2 Qxh2 37. Qb4 Qc7 38. Nc3 Rc2 39. Nb5 Rc4 40. Qb1 Qb8 41. Nxa7 g6 42. Qb2 Rc7 43. Qe5 Nd7 44. Nc6 Nxe5 45. Nxb8 Kg7 46. Na6 Rc4 47. Rd2 h5 48. Ke2 g5 49. Nb8 Kf6 50. Nd7+ Nxd7 51. Rxd7 Rc2+ 52. Kf3 h4 53. e4 Rc3+ 54. Kg4 Kg6 55. f3 f5+ 56. exf5+ exf5+ 57. Kh3 Rc5 58. Rd8 Kf6 59. Rd4 Rc3 60. Ra4 Rc5 61. Rb4 Rd5 62. Ra4 Ke5 63. Rb4 Kf6 64. Ra4 Kg6 65. Ra8 Rd1 66. Kh2 Rb1 67. Ra6+ Kh5 68. Ra5 f4 69. Rc5 Ra1 70. Rc8 Ra5 71. Rg8 Ra6 72. Kh3 Ra2 1/2-1/2

[Event "Ottawa Winter op"]
[Site "Ottawa CAN"]
[Date "2026.01.18"]
[Round "4.1"]
[White "Dukic, Zachary"]
[Black "Rodrigue-Lemieux, Shawn"]
[Result "0-1"]
[WhiteElo "2366"]
[BlackElo "2618"]
[WhiteFideId "-1"]
[BlackFideId "-1"]
[PlyCount "94"]
[GameId "2268007695442221"]
[EventDate "2026.01.16"]
[EventType "swiss"]
[EventRounds "5"]
[EventCountry "CAN"]
[WhiteClock "0:02:36"]
[BlackClock "0:02:11"]

1. Nf3 {[%emt 0:00:14]} d5 {[%emt 0:00:11]} 2. g3 {[%emt 0:00:04]} Nf6 {[%emt 0:00:51]} 3. Bg2 {[%emt 0:00:06]} e6 {[%emt 0:00:11]} 4. O-O {[%emt 0:00:07]} Be7 {[%emt 0:00:05]} 5. d3 {[%emt 0:00:07]} O-O {[%emt 0:01:10]} 6. Nbd2 {[%emt 0:00:05]} c5 {[%emt 0:00:12]} 7. e4 {[%emt 0:00:07]} Nc6 {[%emt 0:00:10]} 8. Re1 {[%emt 0:00:06]} b5 {[%emt 0:00:27]} 9. e5 {[%emt 0:00:06]} Nd7 {[%emt 0:00:07]} 10. Nf1 {[%emt 0:00:04]} a5 {[%emt 0:00:21]} 11. h4 {[%emt 0:00:06]} a4 {[%emt 0:00:20]} 12. a3 {[%emt 0:00:05]} Bb7 {[%emt 0:00:09]} 13. N1h2 {[%emt 0:01:02]} Qb6 {[%emt 0:09:42]} 14. Bf4 {[%emt 0:09:29]} Rfb8 {[%emt 0:05:28]} 15. Bh3 {[%emt 0:11:16]} Qd8 {[%emt 0:09:21]} 16. Ng5 {[%emt 0:11:57]} Nf8 {[%emt 0:03:53]} 17. Qh5 {[%emt 0:07:11]} Qe8 {[%emt 0:00:23]} 18. c3 {[%emt 0:02:11]} b4 {[%emt 0:02:05]} 19. Qd1 {[%emt 0:06:06]} bxc3 {[%emt 0:01:51]} 20. bxc3 {[%emt 0:00:12]} Ba6 {[%emt 0:01:34]} 21. h5 {[%emt 0:03:02]} h6 {[%emt 0:00:39]} 22. Ngf3 {[%emt 0:00:19]} Rb3 {[%emt 0:02:14]} 23. Qd2 {[%emt 0:00:45]} Nh7 {[%emt 0:02:10]} 24. Ng4 {[%emt 0:06:24]} Rab8 {[%emt 0:04:52]} 25. Bf1 {[%emt 0:05:09]} Kh8 {[%emt 0:06:37]} 26. Be2 {[%emt 0:02:48]} Rb2 {[%emt 0:01:43]} 27. Qe3 {[%emt 0:06:37]} Na5 {[%emt 0:03:40]} 28. Bxh6 {[%emt 0:07:22]} gxh6 {[%emt 0:00:24]} 29. Nxh6 {[%emt 0:00:10]} R8b7 {[%emt 0:07:11]} 30. Qf4 {[%emt 0:04:23]} Bd8 {[%emt 0:00:44]} 31. Bf1 {[%emt 0:00:50]} c4 {[%emt 0:07:32]} 32. d4 {[%emt 0:01:53]} Nb3 {[%emt 0:01:04]} 33. Rad1 {[%emt 0:00:23]} Rc2 {[%emt 0:00:38]} 34. Re3 {[%emt 0:00:47]} Nd2 {[%emt 0:02:52]} 35. Ng4 {[%emt 0:03:21]} Ne4 {[%emt 0:03:12]} 36. Rxe4 {[%emt 0:02:35]} dxe4 {[%emt 0:00:16]} 37. Qxe4 {[%emt 0:00:08]} Rxc3 {[%emt 0:00:39]} 38. d5 {[%emt 0:00:16]} Rd7 {[%emt 0:02:48]} 39. Nf6 {[%emt 0:07:59]} Bxf6 {[%emt 0:04:42]} 40. exf6 {[%emt 0:00:10]} Bb7 {[%emt 0:03:31]} 41. Ne5 {[%emt 0:03:20]} Bxd5 {[%emt 0:05:15]} 42. Qg4 {[%emt 0:02:26]} Qg8 {[%emt 0:02:57]} 43. Qxg8+ {[%emt 0:00:07]} Kxg8 {[%emt 0:00:04]} 44. Nxd7 {[%emt 0:00:04]} Rxa3 {[%emt 0:00:45]} 45. Rd4 {[%emt 0:00:20]} Ra1 {[%emt 0:02:26]} 46. h6 {[%emt 0:02:01]} Kh8 {[%emt 0:00:14]} 47. Rg4 {[%emt 0:00:40]} e5 {[%emt 0:00:31]} 0-1

[Event "Ottawa Winter op"]
[Site "Ottawa CAN"]
[Date "2026.01.18"]
[Round "4.2"]
[White "Plotkin, Mark"]
[Black "Chiku-Ratte, Oliver-Kenta"]
[Result "1-0"]
[WhiteElo "2491"]
[BlackElo "2448"]
[WhiteFideId "-1"]
[BlackFideId "-1"]
[PlyCount "83"]
[GameId "2268007695442222"]
[EventDate "2026.01.16"]
[EventType "swiss"]
[EventRounds "5"]
[EventCountry "CAN"]

1. d4 {[%emt 0:03:21]} Nf6 {[%emt 0:03:26]} 2. c4 {[%emt 0:00:05]} e6 {[%emt 0:00:21]} 3. g3 {[%emt 0:00:07]} d5 {[%emt 0:03:22]} 4. Bg2 {[%emt 0:00:11]} Be7 {[%emt 0:00:05]} 5. Nf3 {[%emt 0:00:06]} O-O {[%emt 0:00:05]} 6. O-O {[%emt 0:00:07]} dxc4 {[%emt 0:00:03]} 7. Qc2 {[%emt 0:00:07]} a6 {[%emt 0:02:31]} 8. a4 {[%emt 0:00:09]} Bd7 {[%emt 0:00:06]} 9. Qxc4 {[%emt 0:00:09]} Bc6 {[%emt 0:00:03]} 10. Bg5 {[%emt 0:01:42]} Nbd7 {[%emt 0:03:21]} 11. Nc3 {[%emt 0:00:49]} h6 {[%emt 0:04:24]} 12. Bxf6 {[%emt 0:00:33]} Nxf6 {[%emt 0:00:07]} 13. Rfd1 {[%emt 0:11:58]} Bd5 {[%emt 0:24:33]} 14. Qd3 {[%emt 0:00:38]} Bxf3 {[%emt 0:00:21]} 15. Bxf3 {[%emt 0:00:41]} c6 {[%emt 0:00:06]} 16. a5 {[%emt 0:35:47]} Bb4 {[%emt 0:13:17]} 17. e4 {[%emt 0:00:49]} Bxa5 {[%emt 0:00:58]} 18. e5 {[%emt 0:00:08]} Nd5 {[%emt 0:04:15]} 19. Ne4 {[%emt 0:01:39]} Bb4 {[%emt 0:00:55]} 20. h4 {[%emt 0:11:03]} Be7 21. Rd2 {[%emt 0:02:42]} Qb6 {[%emt 0:00:42]} 22. Bd1 {[%emt 0:01:05]} Rfd8 {[%emt 0:24:07]} 23. Bc2 {[%emt 0:04:34]} Nb4 {[%emt 0:06:11]} 24. Nf6+ {[%emt 0:00:09]} Bxf6 {[%emt 0:00:05]} 25. Qh7+ {[%emt 0:00:05]} Kf8 {[%emt 0:00:03]} 26. exf6 {[%emt 0:05:02]} gxf6 {[%emt 0:00:05]} 27. Bf5 {[%emt 0:02:35]} Qb5 {[%emt 0:03:03]} 28. d5 {[%emt 0:00:40]} Nxd5 {[%emt 0:01:30]} 29. Re1 {[%emt 0:00:42]} Nc7 {[%emt 0:03:28]} 30. Bg6 fxg6 31. Qxh6+ {[%emt 0:00:15]} Kg8 {[%emt 0:00:42]} 32. Qxg6+ {[%emt 0:00:05]} Kf8 {[%emt 0:00:06]} 33. Qxf6+ {[%emt 0:00:08]} Ke8 {[%emt 0:00:12]} 34. Qh8+ {[%emt 0:00:48]} Ke7 {[%emt 0:01:00]} 35. Qg7+ {[%emt 0:00:08]} Ke8 {[%emt 0:00:03]} 36. Rde2 {[%emt 0:00:57]} Rd6 {[%emt 0:01:14]} 37. Qxc7 {[%emt 0:00:23]} Qd5 {[%emt 0:00:36]} 38. Re5 {[%emt 0:00:17]} Rd7 {[%emt 0:00:30]} 39. Rxe6+ {[%emt 0:00:36]} Kf8 {[%emt 0:00:16]} 40. Qf4+ {[%emt 0:00:06]} Kg8 {[%emt 0:00:41]} 41. Rg6+ {[%emt 0:00:48]} Kh8 {[%emt 0:00:32]} 42. Qf6+ {[%emt 0:00:12]} 1-0

[Event "Ottawa Winter op"]
[Site "Ottawa CAN"]
[Date "2026.01.18"]
[Round "4.9"]
[White "Mahdjoubi, Abdelaziz"]
[Black "Zhu, Elber"]
[Result "0-1"]
[WhiteElo "1859"]
[BlackElo "2151"]
[WhiteFideId "-1"]
[BlackFideId "-1"]
[PlyCount "57"]
[GameId "2268007695442224"]
[EventDate "2026.01.16"]
[EventType "swiss"]
[EventRounds "5"]
[EventCountry "CAN"]

1. d4 Nf6 2. Nc3 d5 3. Bf4 e6 4. e3 Bd6 5. Qf3 c5 6. g4 Bxf4 7. Qxf4 Qa5 8. O-O-O Bd7 9. dxc5 Bc6 10. Qd4 Nbd7 11. Nf3 Qxc5 12. g5 Qxd4 13. exd4 Ne4 14. Nxe4 dxe4 15. Ne1 h6 16. Rg1 hxg5 17. Rxg5 Rxh2 18. Rxg7 Rxf2 19. Ng2 Kf8 20. Rh7 Ke7 21. c4 Rg8 22. Ne3 Rg3 23. Nc2 e3 24. d5 exd5 25. cxd5 Bxd5 26. Bh3 Nf6 27. Rh8 Rh2 28. Be6 Rxh8 29. Bxd5 0-1

[Event "Ottawa Winter op"]
[Site "Ottawa CAN"]
[Date "2026.01.18"]
[Round "4.5"]
[White "Nassar, Marc"]
[Black "Iordanescu, Victor Nicolae"]
[Result "0-1"]
[WhiteElo "2135"]
[BlackElo "2193"]
[WhiteFideId "-1"]
[BlackFideId "-1"]
[PlyCount "52"]
[GameId "2268007695442225"]
[EventDate "2026.01.16"]
[EventType "swiss"]
[EventRounds "5"]
[EventCountry "CAN"]

1. e4 c5 2. d4 cxd4 3. c3 d5 4. exd5 Qxd5 5. cxd4 Nc6 6. Nf3 Bg4 7. Nc3 Bxf3 8. Nxd5 Bxd1 9. Nc7+ Kd7 10. Nxa8 Bh5 11. d5 Nd4 12. Be3 Nc2+ 13. Kd2 Nxe3 14. fxe3 e6 15. Bb5+ Kc8 16. Rac1+ Kb8 17. a3 Bd6 18. Nb6 axb6 19. Bd7 Nf6 20. dxe6 Rd8 21. Kc2 Nxd7 22. exd7 Rxd7 23. Kb1 Be5 24. Rc4 Rd2 25. Rb4 Rxg2 26. h4 Re2 0-1